000 00689nam a2200277 a 4500
003 AR-BaBNM
005 20251128202759.0
008 082120s2002 ||||||||||||||000 | spa||
040 _cAR-BaBNM
100 1 _aRojas, Nerio A.
245 0 0 _aEl diablo y la locura y otros ensayos
260 _aBuenos Aires
_bEl Ateneo
_c1951
300 _a237 p.
650 4 _aLITERATURA ARGENTINA
650 4 _aESTUDIOS CULTURALES
650 4 _aENSAYO
650 4 _aCRITICA LITERARIA
650 4 _aPSICOLOGIA
650 4 _aFILOSOFIA
650 4 _aCRIMINOLOGIA
653 _aLITERATURA GAUCHESCA
653 _aLITERATURA DE VIAJES
655 _aLITERATURA
942 _cBK
998 _cMARTIN
999 _c533
_d533